[Event "Jiraskuv memorial B"]
[Site "Rakovnik"]
[Date "2011.08.12"]
[Round "8"]
[White "Cizkovsky, Ota"]
[Black "Gruss, Petr"]
[Result "0-1"]
[WhiteElo "1694"]
[BlackElo "1724"]
[PlyCount "66"]
[EventDate "2011.08.??"]
[EventType "swiss"]
[EventRounds "9"]
[EventCountry "CZE"]
[TimeControl "40/7200:20/3600:1800"]

{16MB, Fritz8.ctg, SACHY-67D9C7985} 1. e4 e5 2. f4 d6 3. Nf3 Nc6 4. Bc4 f6 5.
d3 Na5 6. Bb3 Ne7 7. fxe5 dxe5 8. Ba4+ Bd7 9. Bxd7+ Qxd7 10. Bd2 Nac6 11. Nc3
Nd4 12. O-O Nec6 13. a3 Bc5 14. Kh1 Nxf3 15. Qxf3 Nd4 16. Qd1 c6 17. Ne2 O-O-O
18. b4 Bb6 19. Nc3 Nb5 20. Nxb5 cxb5 21. Qe2 Kb8 22. Rfd1 Rc8 23. c4 Bd4 24.
Ra2 bxc4 25. dxc4 Rhd8 26. h3 Qa4 27. Be3 Rxc4 28. Rad2 Qc6 29. Bxd4 Rdxd4 30.
Rxd4 Rxd4 31. Rxd4 exd4 32. e5 Qc1+ 33. Kh2 Qf4+ 0-1

[Event "Jiraskuv memorial B"]
[Site "Rakovnik"]
[Date "2011.08.12"]
[Round "8"]
[White "Zak, Jiri"]
[Black "Rerabek, Jaroslav"]
[Result "1-0"]
[WhiteElo "1627"]
[BlackElo "1626"]
[PlyCount "88"]
[EventDate "2011.08.??"]
[EventType "swiss"]
[EventRounds "9"]
[EventCountry "CZE"]
[TimeControl "40/7200:20/3600:1800"]

{16MB, Fritz8.ctg, SACHY-67D9C7985} 1. e4 c5 2. Nf3 d6 3. d4 cxd4 4. Nxd4 Nf6
5. Nc3 g6 6. Be2 Bg7 7. Be3 O-O 8. O-O Nc6 9. f4 Qb6 10. Qd3 Qxb2 11. Rab1 Qa3
12. Nxc6 bxc6 13. f5 Qa5 14. Kh1 Qc7 15. a4 a5 16. Qc4 Ba6 17. Qxa6 Rxa6 18.
Bxa6 Ng4 19. Rb7 Qd8 20. Bb6 Qe8 21. Ne2 e6 22. h3 Ne5 23. f6 Bh8 24. Re7 Qb8
25. Rb7 Qxb7 26. Bxb7 Rb8 27. Bc7 Rxb7 28. Bxd6 Nc4 29. Be7 e5 30. Rd1 Rb8 31.
g4 g5 32. Ng3 h6 33. Nf5 Kh7 34. Rd7 Kg6 35. Nd6 Nxd6 36. Rxd6 Rb1+ 37. Kg2 Ra1
38. Rxc6 Rxa4 39. Kf3 Ra1 40. Kf2 a4 41. Bd6 Rh1 42. Bxe5 Rxh3 43. Ra6 Ra3 44.
Ke2 Rg3 1-0

[Event "Jiraskuv memorial B"]
[Site "Rakovnik"]
[Date "2011.08.12"]
[Round "8"]
[White "Arvanitakis, Panagiotis"]
[Black "Mleziva, Miloslav"]
[Result "0-1"]
[WhiteElo "1497"]
[BlackElo "1695"]
[PlyCount "142"]
[EventDate "2011.08.??"]
[EventType "swiss"]
[EventRounds "9"]
[EventCountry "CZE"]
[TimeControl "40/7200:20/3600:1800"]

{16MB, Fritz8.ctg, SACHY-67D9C7985} 1. c3 e5 2. a3 Nf6 3. b4 Be7 4. d4 exd4 5.
cxd4 d5 6. Bb2 O-O 7. g3 a5 8. b5 c6 9. bxc6 Nxc6 10. Bg2 Qb6 11. Bc3 Bf5 12.
e3 Qa6 13. Bf1 Qb6 14. Bg2 Rac8 15. Ne2 Qa6 16. O-O Bxb1 17. Rxb1 Bxa3 18. Qb3
Bb4 19. Bxb4 Nxb4 20. Nf4 Rfd8 21. Ra1 Rc4 22. Rfb1 Ne4 23. Bf1 Nd2 24. Bxc4
Nxb3 25. Bxa6 Nxa1 26. Rxa1 bxa6 27. Rxa5 Kf8 28. g4 g5 29. Ne2 Rc8 30. f3 Rc2
31. Kf2 Ke7 32. e4 Ra2 33. Rxa2 Nxa2 34. Ke3 Ke6 35. Kd3 Nb4+ 36. Kc3 a5 37.
Kb3 f6 38. Ka4 dxe4 39. fxe4 Nd3 40. Kxa5 Nf2 41. Ng3 Nxg4 42. Kb6 Nxh2 43. Kc7
Ng4 44. d5+ Kf7 45. d6 Ne5 46. d7 Nxd7 47. Kxd7 h6 48. Kd6 g4 49. Kd7 Kg6 50.
Ke6 h5 51. Nf5 Kg5 52. Ne3 h4 53. Nxg4 Kxg4 54. Kxf6 h3 55. e5 h2 56. e6 h1=Q
57. e7 Qf3+ 58. Ke6 Qf5+ 59. Kd6 Qc8 60. Ke5 Qe8 61. Kf6 Kf3 62. Ke6 Ke4 63.
Kd6 Kf5 64. Kc7 Qxe7+ 65. Kc8 Qe2 66. Kc7 Qd2 67. Kc8 Ke6 68. Kc7 Qd3 69. Kc8
Ke7 70. Kc7 Qd2 71. Kc8 Qd6 0-1

[Event "Jiraskuv memorial B"]
[Site "Rakovnik"]
[Date "2011.08.13"]
[Round "9"]
[White "Rerabkova, Eliska"]
[Black "Cernouskova, Alena"]
[Result "1-0"]
[WhiteElo "1250"]
[BlackElo "1702"]
[PlyCount "33"]
[EventDate "2011.08.??"]
[EventType "swiss"]
[EventRounds "9"]
[EventCountry "CZE"]

1. e4 e5 2. Nf3 Nc6 3. Nc3 Nf6 4. Bb5 Bb4 5. O-O d6 6. Nd5 Ba5 7. d4 O-O 8. Bg5
Bg4 9. Bxc6 bxc6 10. dxe5 cxd5 11. exf6 gxf6 12. Bh6 Re8 13. Qxd5 Bxf3 14. gxf3
Re5 15. Qd3 Qd7 16. f4 Rh5 17. Qg3+ 1-0

[Event "Jiraskuv memorial B"]
[Site "Rakovnik"]
[Date "2011.08.13"]
[Round "9"]
[White "Jesensky, Jaromir"]
[Black "Koblic, Miroslav"]
[Result "0-1"]
[WhiteElo "1553"]
[BlackElo "1698"]
[PlyCount "48"]
[EventDate "2011.08.??"]
[EventType "swiss"]
[EventRounds "9"]
[EventCountry "CZE"]

1. e4 c6 2. d4 d5 3. exd5 cxd5 4. Bd3 Nf6 5. c3 Bg4 6. Qa4+ Nc6 7. Bf4 e6 8.
Nd2 Bd6 9. Bxd6 Qxd6 10. Ngf3 O-O 11. O-O Nd7 12. Qc2 f5 13. Rfe1 Rf6 14. h3
Bh5 15. Bb5 Rh6 16. Bxc6 bxc6 17. Ne5 Nf6 18. b4 a6 19. a4 g5 20. f4 g4 21. h4
g3 22. Nf1 Ne4 23. Re3 Qe7 24. Nxg3 Qxh4 0-1

[Event "Jiraskuv memorial B"]
[Site "Rakovnik"]
[Date "2011.08.13"]
[Round "9"]
[White "Vankova, Veronika"]
[Black "Veselsky, Jan"]
[Result "0-1"]
[WhiteElo "1279"]
[BlackElo "1650"]
[PlyCount "166"]
[EventDate "2011.08.??"]
[EventType "swiss"]
[EventRounds "9"]
[EventCountry "CZE"]

1. e4 c6 2. d3 d5 3. Nf3 dxe4 4. dxe4 Qxd1+ 5. Kxd1 Bg4 6. Be2 Nf6 7. Nc3 Nbd7
8. Bf4 O-O-O 9. Ke1 e6 10. Ne5 Bh5 11. Bxh5 Nxh5 12. Nxf7 Nxf4 13. Nxh8 Be7 14.
Nf7 Rf8 15. g3 Nh3 16. f4 Rxf7 17. Kf1 g5 18. Ne2 gxf4 19. gxf4 Nxf4 20. Ke1
Nc5 21. e5 Ng6 22. Kd2 Bg5+ 23. Ke1 Nxe5 24. Rf1 Bh4+ 25. Ng3 Rg7 26. Kf2 Ne4+
27. Ke3 Nxg3 28. hxg3 Rxg3+ 29. Kf4 Ng6+ 30. Ke4 Rg4+ 31. Kd3 Nf4+ 32. Ke3 Nd5+
33. Kf3 Rc4 34. c3 h6 35. Rh1 Bg5 36. Rae1 Kd7 37. Rc1 Ra4 38. a3 Bxc1 39. Rxc1
Rh4 40. Rd1 Ke7 41. Kg3 Rg4+ 42. Kf3 h5 43. Kf2 Nf6 44. Rh1 Kd6 45. Kf3 e5 46.
Ke3 Rg2 47. b4 Rg3+ 48. Kd2 Ne4+ 49. Kc2 Rxc3+ 50. Kb2 Rc4 51. Rxh5 Nf6 52. Rh6
Ke6 53. Kb3 b5 54. a4 a6 55. a5 Kf5 56. Rh1 Nd5 57. Rf1+ Ke6 58. Ka3 Nxb4 59.
Kb3 c5 60. Rd1 Nc6 61. Ka3 Nxa5 62. Kb2 Rd4 63. Rc1 Nc4+ 64. Kb3 Kd5 65. Ka2 e4
66. Kb3 e3 67. Re1 Rd3+ 68. Kc2 Rd2+ 69. Kc3 Ke4 70. Kb3 Kf3 71. Kc3 Kf2 72.
Ra1 e2 73. Rc1 e1=Q 74. Rxe1 Kxe1 75. Kb3 Rd3+ 76. Ka2 Ke2 77. Kb1 Rd2 78. Kc1
Kd3 79. Kb1 Kc3 80. Kc1 a5 81. Kb1 Ne5 82. Ka1 Kb3 83. Kb1 Rd1# 0-1

[Event "Jiraskuv memorial B"]
[Site "Rakovnik"]
[Date "2011.08.13"]
[Round "9"]
[White "Folbr, Martin"]
[Black "Pribyl, Viktor"]
[Result "1-0"]
[WhiteElo "1353"]
[BlackElo "1250"]
[PlyCount "53"]
[EventDate "2011.08.??"]
[EventType "swiss"]
[EventRounds "9"]
[EventCountry "CZE"]

1. e4 e5 2. Nf3 Nf6 3. Nc3 Nc6 4. Bc4 Bc5 5. O-O O-O 6. d3 d6 7. a3 Bg4 8. b4
Bb6 9. Be3 Qd7 10. Na4 Bxe3 11. fxe3 Nxb4 12. axb4 b5 13. Bd5 Nxd5 14. exd5
bxa4 15. c4 Bxf3 16. Rxf3 a5 17. b5 f5 18. Rxa4 g5 19. Rg3 h6 20. Qh5 Kh7 21.
Rxg5 Rf7 22. Qg6+ Kh8 23. Qxh6+ Rh7 24. Qf6+ Rg7 25. Rxg7 Qxg7 26. Qxf5 Rf8 27.
Qh5+ 1-0

[Event "Jiraskuv memorial B"]
[Site "Rakovnik"]
[Date "2011.08.13"]
[Round "9"]
[White "Masek, Jan"]
[Black "Pucholt, Martin"]
[Result "1-0"]
[WhiteElo "1670"]
[BlackElo "1428"]
[PlyCount "71"]
[EventDate "2011.08.??"]
[EventType "swiss"]
[EventRounds "9"]
[EventCountry "CZE"]

1. e4 e5 2. f4 Nc6 3. Nf3 d6 4. Bc4 h6 5. d4 exf4 6. Bxf4 Bg4 7. O-O Qd7 8. Bb5
a6 9. Ba4 b5 10. Bb3 Be7 11. a4 b4 12. a5 Bg5 13. Bxg5 hxg5 14. Ba4 d5 15. Qe1
Bxf3 16. exd5+ Kd8 17. Bxc6 Qe7 18. Qxe7+ Nxe7 19. Bxa8 Be4 20. Rxf7 Nf5 21.
Nd2 Bxc2 22. Rf1 g6 23. g4 Ne3 24. Rf8+ Rxf8 25. Rxf8+ Ke7 26. Rb8 Nxg4 27.
Rxb4 Ne3 28. Bb7 Kd6 29. Nc4+ Nxc4 30. Rxc4 Bd3 31. Rc6+ Kd7 32. Bxa6 Be4 33.
Rc5 Kd6 34. Bb7 g4 35. a6 g3 36. hxg3 1-0

[Event "Jiraskuv memorial B"]
[Site "Rakovnik"]
[Date "2011.08.13"]
[Round "9"]
[White "Ruzicka, Vaclav"]
[Black "Zika, Vaclav"]
[Result "1-0"]
[WhiteElo "1703"]
[BlackElo "1748"]
[PlyCount "43"]
[EventDate "2011.08.??"]
[EventType "swiss"]
[EventRounds "9"]
[EventCountry "CZE"]

1. c4 Nf6 2. Nc3 g6 3. g3 Bg7 4. Bg2 O-O 5. e4 d6 6. Nge2 e5 7. h3 Nc6 8. d3 a6
9. O-O Re8 10. f4 exf4 11. Nxf4 Nd4 12. Nce2 Nd7 13. Nxd4 Bxd4+ 14. Kh2 Nc5 15.
Rb1 Rb8 16. b4 Ne6 17. Bb2 c6 18. Nxe6 Bxe6 19. Bxd4 Qg5 20. Bf6 Qe3 21. Rf3
Qa7 22. Qd2 1-0

[Event "Jiraskuv memorial B"]
[Site "Rakovnik"]
[Date "2011.08.13"]
[Round "9"]
[White "Mleziva, Miloslav"]
[Black "Cerny, Michal"]
[Result "0-1"]
[WhiteElo "1695"]
[BlackElo "1790"]
[PlyCount "45"]
[EventDate "2011.08.??"]
[EventType "swiss"]
[EventRounds "9"]
[EventCountry "CZE"]

1. d4 Nf6 2. c4 g6 3. Nc3 d5 4. Nf3 Bg7 5. e3 O-O 6. c5 Re8 7. Be2 Nc6 8. O-O
e5 9. dxe5 Nxe5 10. Nd4 c6 11. Rb1 Qc7 12. b4 Neg4 13. g3 h5 14. h4 Ne4 15.
Nxe4 Rxe4 16. Bd3 Nxe3 17. Bxe3 Rxe3 18. fxe3 Qxg3+ 19. Kh1 Qh3+ 20. Kg1 Qxe3+
21. Rf2 Bxd4 22. Qe2 Qg3+ 23. Kh1 0-1

[Event "Jiraskuv memorial B"]
[Site "Rakovnik"]
[Date "2011.08.13"]
[Round "9"]
[White "Mitosinka, Boris"]
[Black "Arvanitakis, Panagiotis"]
[Result "1/2-1/2"]
[WhiteElo "1518"]
[BlackElo "1497"]
[PlyCount "159"]
[EventDate "2011.08.??"]
[EventType "swiss"]
[EventRounds "9"]
[EventCountry "CZE"]

1. Nf3 c6 2. c4 a6 3. g3 b5 4. cxb5 cxb5 5. Bg2 Bb7 6. O-O d5 7. d4 e6 8. Bf4
g6 9. Nbd2 Bg7 10. Nb3 Nd7 11. Qd2 Ne7 12. Na5 Qb6 13. Qb4 Nc6 14. Nxc6 Bxc6
15. Rac1 Bf8 16. Qd2 Bg7 17. Bd6 h6 18. Rc2 Bf8 19. Bxf8 Kxf8 20. Qf4 Kg7 21.
Ne5 Nxe5 22. Qxe5+ Kh7 23. Rc5 Rhc8 24. Rfc1 Bb7 25. b4 Rc6 26. Qf6 Kg8 27.
Bxd5 Rxc5 28. dxc5 Qc7 29. Bxb7 Qxb7 30. Rd1 Qc7 31. Rd6 a5 32. a3 axb4 33.
axb4 Re8 34. h4 h5 35. Kg2 Qb7+ 36. f3 e5 37. Rd8 Rxd8 38. Qxd8+ Kg7 39. Qb6
Qd7 40. Qd6 Qxd6 41. cxd6 Kf6 42. d7 Ke7 43. g4 Kxd7 44. Kf2 Kd6 45. Ke3 f5 46.
gxf5 gxf5 47. Kd3 Kd5 48. e3 e4+ 49. fxe4+ fxe4+ 50. Kc3 Ke5 51. Kd2 Kf5 52.
Kc3 Kg4 53. Kd4 Kf3 54. Kc5 Kxe3 55. Kxb5 Kd4 56. Kc6 e3 57. b5 e2 58. b6 e1=Q
59. b7 Qe4+ 60. Kc7 Qe5+ 61. Kc8 Qc5+ 62. Kd7 Qb6 63. Kc8 Qc6+ 64. Kb8 Kc5 65.
Ka7 Qb6+ 66. Ka8 Kc6 67. b8=Q Qxb8+ 68. Kxb8 Kd5 69. Kc7 Ke4 70. Kd6 Kf4 71.
Kd5 Kg4 72. Ke4 Kg3 73. Ke3 Kxh4 74. Kf3 Kh3 75. Kf2 Kh2 76. Kf1 h4 77. Kf2 Kh1
78. Kf1 Kh2 79. Kf2 h3 80. Kf1 1/2-1/2

[Event "Jiraskuv memorial B"]
[Site "Rakovnik"]
[Date "2011.08.13"]
[Round "9"]
[White "Rerabek, Jaroslav"]
[Black "Zacek, Petr"]
[Result "1-0"]
[WhiteElo "1626"]
[BlackElo "1608"]
[PlyCount "93"]
[EventDate "2011.08.??"]
[EventType "swiss"]
[EventRounds "9"]
[EventCountry "CZE"]

1. e4 g6 2. d4 Bg7 3. Nc3 d6 4. h3 Nf6 5. Nf3 O-O 6. Bc4 c6 7. Bb3 b5 8. O-O b4
9. Ne2 Nxe4 10. Ng3 Nxg3 11. fxg3 a5 12. a3 bxa3 13. Rxa3 Ba6 14. Re1 Nd7 15.
Bf4 Rb8 16. Qd2 Rb5 17. Bh6 c5 18. Bxg7 Kxg7 19. Bc4 Rb6 20. Bxa6 Rxa6 21. Rae3
e6 22. dxc5 Nxc5 23. Rd1 Qb6 24. b3 Ne4 25. Qd4+ Qxd4 26. Nxd4 Nf6 27. g4 d5
28. Rc3 Ne4 29. Rc7 Re8 30. Nf3 Rea8 31. Ne5 R6a7 32. Rc6 a4 33. bxa4 Rxa4 34.
Kf1 Ra1 35. Rxa1 Rxa1+ 36. Ke2 Ra2 37. h4 f6 38. Nd3 e5 39. g5 Ra7 40. gxf6+
Nxf6 41. Nb4 d4 42. Kd3 Kh6 43. Rxf6 Kh5 44. Ke4 Kg4 45. Rf3 Kxh4 46. Nd3 g5
47. Rh3+ 1-0

[Event "Jiraskuv memorial B"]
[Site "Rakovnik"]
[Date "2011.08.13"]
[Round "9"]
[White "Gruss, Petr"]
[Black "Hajsman, Ladislav"]
[Result "0-1"]
[WhiteElo "1724"]
[BlackElo "1831"]
[PlyCount "54"]
[EventDate "2011.08.??"]
[EventType "swiss"]
[EventRounds "9"]
[EventCountry "CZE"]

1. d4 Nf6 2. Nf3 g6 3. c4 Bg7 4. Nc3 d6 5. e3 O-O 6. Be2 c5 7. O-O e6 8. Qc2
Nbd7 9. Rd1 Qe7 10. b3 b6 11. Bb2 Bb7 12. Rd2 cxd4 13. Nxd4 d5 14. Bf3 Ne5 15.
Ncb5 Nxf3+ 16. Nxf3 Ne4 17. Bxg7 Nxd2 18. Bxf8 Nxf3+ 19. gxf3 Qg5+ 20. Kf1 Rxf8
21. Rd1 dxc4 22. Nd4 e5 23. h4 Qxh4 24. Qxc4 exd4 25. Rxd4 Qh1+ 26. Ke2 Qxf3+
27. Ke1 Rc8 0-1

[Event "Jiraskuv memorial B"]
[Site "Rakovnik"]
[Date "2011.08.13"]
[Round "9"]
[White "Zak, Jiri"]
[Black "Hejda, Vaclav"]
[Result "0-1"]
[WhiteElo "1627"]
[BlackElo "1825"]
[PlyCount "97"]
[EventDate "2011.08.??"]
[EventType "swiss"]
[EventRounds "9"]
[EventCountry "CZE"]

1. Nf3 d5 2. d4 e6 3. c4 dxc4 4. Qa4+ c6 5. Qxc4 Nf6 6. Nc3 Nbd7 7. g3 Nb6 8.
Qd3 Nbd5 9. a3 Be7 10. Bg2 O-O 11. O-O Qc7 12. e4 Nxc3 13. bxc3 c5 14. Re1 b6
15. Bf4 Qd8 16. Be3 cxd4 17. Bxd4 Bb7 18. a4 Qc7 19. Qc2 Rac8 20. Rac1 Nd7 21.
Nd2 Bc5 22. Qb3 e5 23. Be3 Bxe3 24. Rxe3 Nc5 25. Qc2 Qc6 26. Ra1 Rfd8 27. f3
Rc7 28. Bf1 Ba6 29. Bxa6 Nxa6 30. Nb3 Rcd7 31. Qe2 Nc5 32. Qc4 Rd1+ 33. Rxd1
Rxd1+ 34. Kg2 Qxa4 35. Qxa4 Nxa4 36. f4 exf4 37. gxf4 Rd7 38. Kf2 Rc7 39. Nd4
Nxc3 40. Ke1 Rc4 41. Rd3 Kf8 42. Nf5 Rxe4+ 43. Kd2 Nb5 44. Rd5 g6 45. Rxb5 gxf5
46. Rxf5 Kg7 47. Kd3 Rb4 48. h4 a6 49. Ke3 0-1

[Event "Jiraskuv memorial B"]
[Site "Rakovnik"]
[Date "2011.08.13"]
[Round "9"]
[White "Pokorny, Tomas"]
[Black "Cizkovsky, Ota"]
[Result "1-0"]
[WhiteElo "1703"]
[BlackElo "1694"]
[PlyCount "47"]
[EventDate "2011.08.??"]
[EventType "swiss"]
[EventRounds "9"]
[EventCountry "CZE"]
[TimeControl "180"]

{24MB, Fritz8.ctg, sach1} 1. d4 {[%emt 0:00:00]} d5 2. c4 e6 3. Nf3 h6 4. e3
Nf6 5. Bd3 c5 6. O-O cxd4 7. Nxd4 Nc6 8. Nxc6 bxc6 9. Nc3 Bd6 10. Bd2 O-O 11.
Rc1 Bb7 12. cxd5 cxd5 13. Nb5 Bb8 14. Qe1 Qd7 15. Ba5 Ba6 16. Qe2 Bxb5 17. Bxb5
Qd6 18. g3 Bc7 19. Rxc7 Qe5 20. Rfc1 Ne4 21. Bd3 Qg5 22. f3 Nf6 23. f4 Qg4 24.
Kg2 1-0

[Event "Jiraskuv memorial B"]
[Site "Rakovnik"]
[Date "2011.08.13"]
[Round "9"]
[White "Pribylova, Sofie"]
[Black "Sebek, Pavel"]
[Result "0-1"]
[WhiteElo "1250"]
[BlackElo "1679"]
[PlyCount "84"]
[EventDate "2011.08.??"]
[EventType "swiss"]
[EventRounds "9"]
[EventCountry "CZE"]
[TimeControl "180"]

{24MB, Fritz8.ctg, sach1} 1. e4 c5 2. Nf3 Nc6 3. Nc3 e6 4. Bc4 d6 5. d4 cxd4 6.
Nxd4 a6 7. O-O Ne5 8. Bb3 b5 9. a4 Bb7 10. Be3 b4 11. Nce2 Bxe4 12. a5 Nf6 13.
Ba4+ Nfd7 14. Bf4 Be7 15. Bxe5 dxe5 16. Nc6 Bxc6 17. Bxc6 Ra7 18. Ng3 O-O 19.
Qd2 Qc7 20. Ba4 Rd8 21. Rad1 Nf6 22. Qe2 Qxa5 23. b3 Qc7 24. Rd2 Nd5 25. Qg4
Nf4 26. Rxd8+ Bxd8 27. Re1 Qb7 28. f3 Bf6 29. Ne4 Ng6 30. Nxf6+ gxf6 31. Rd1
Qe7 32. Qc4 Rc7 33. Qxa6 Rxc2 34. Qa8+ Kg7 35. Qe4 Qc5+ 36. Kh1 Nf4 37. h3 Rxg2
38. Qe1 Qc2 39. Qf1 Rh2+ 40. Kg1 Nxh3+ 41. Qxh3 Rxh3 42. Rf1 Qh2# 0-1

[Event "Jiraskuv memorial B"]
[Site "Rakovnik"]
[Date "2011.08.13"]
[Round "9"]
[White "Hajsman, Martin"]
[Black "Bauer, Ondrej"]
[Result "0-1"]
[WhiteElo "1699"]
[BlackElo "1457"]
[PlyCount "60"]
[EventDate "2011.08.??"]
[EventType "swiss"]
[EventRounds "9"]
[EventCountry "CZE"]

1. c4 c5 2. Nc3 Nf6 3. g3 d5 4. cxd5 Nxd5 5. Bg2 Nc7 6. Nf3 Nc6 7. d3 e5 8. O-O
Be7 9. Be3 Bd7 10. Rc1 Rc8 11. Ne4 b6 12. Bd2 O-O 13. Bc3 f6 14. b3 Ne6 15. Bb2
Ncd4 16. Nxd4 Nxd4 17. Bxd4 cxd4 18. Nd2 Ba3 19. Rxc8 Qxc8 20. Nc4 Be7 21. Bd5+
Be6 22. Bxe6+ Qxe6 23. Qa1 Rc8 24. a4 a6 25. Rb1 Bb4 26. Qa2 b5 27. axb5 axb5
28. Na3 Qc6 29. Ra1 Ra8 30. Qb2 Qc3 0-1